Report of the Committee on the Environment, Public Health and Consumer Protection on the Commission proposal for a Council Regulation (EEC) amending Regulation (EEC) No. 3528/86 on the protection of the Community`s forests against atmospheric pollution (COM(91) 0431 final - C3-0440/91) (Record no. 91123)

MARC details
000 -LEADER
fixed length control field 00913cam a2200265 4500
001 - CONTROL NUMBER
control field J1240
008 - FIXED-LENGTH DATA ELEMENTS--GENERAL INFORMATION
fixed length control field 090401t1992 xxu||||| |||| 00| 0 eng d
035 ## - SYSTEM CONTROL NUMBER
System control number (Sirsi) u42449
041 ## - LANGUAGE CODE
Language code of text/sound track or separate title eng
050 ## - LIBRARY OF CONGRESS CALL NUMBER
Classification number 634.9619
100 ## - MAIN ENTRY--PERSONAL NAME
Personal name Valverde Lopez, Jose Luis
245 ## - TITLE STATEMENT
Title Report of the Committee on the Environment, Public Health and Consumer Protection on the Commission proposal for a Council Regulation (EEC) amending Regulation (EEC) No. 3528/86 on the protection of the Community`s forests against atmospheric pollution (COM(91) 0431 final - C3-0440/91)
260 ## - PUBLICATION, DISTRIBUTION, ETC.
Date of publication, distribution, etc. 1992
300 ## - PHYSICAL DESCRIPTION
Extent 23p. ; 30cm.
350 ## - PRICE (NR) (BK AM CF MU VM SE) [OBSOLETE]
Price 0
490 ## - SERIES STATEMENT
Series statement Session Documents
Volume/sequential designation A3-0223/92
650 ## - SUBJECT ADDED ENTRY--TOPICAL TERM
Topical term or geographic name entry element AIR POLLUTION
650 ## - SUBJECT ADDED ENTRY--TOPICAL TERM
Topical term or geographic name entry element ATMOSPHERIC POLLUTION
650 ## - SUBJECT ADDED ENTRY--TOPICAL TERM
Topical term or geographic name entry element EUROPEAN COMMUNITY
650 ## - SUBJECT ADDED ENTRY--TOPICAL TERM
Topical term or geographic name entry element FORESTRY
690 ## - LOCAL SUBJECT ADDED ENTRY--TOPICAL TERM (OCLC, RLIN)
Topical term or geographic name as entry element EUROPE-SINGLE MARKET
710 ## - ADDED ENTRY--CORPORATE NAME
Corporate name or jurisdiction name as entry element European Parliament
9 (RLIN) 2444
942 ## - ADDED ENTRY ELEMENTS (KOHA)
Suppress in OPAC 0
948 ## - LOCAL PROCESSING INFORMATION (OCLC); SERIES PART DESIGNATOR (RLIN)
c (OCLC) 04/03/1997
Holdings
Withdrawn status Lost status Source of classification or shelving scheme Damaged status Not for loan Home library Current library Shelving location Date acquired Total Checkouts Full call number Barcode Date last seen Copy number Price effective from Koha item type
    Dewey Decimal Classification     London London Reference copy 14/01/1993   FILING CABINET 30037838 06/08/2019 1 06/08/2019 Book